| 000 | 00941nam a2200253 a 4500 | ||
|---|---|---|---|
| 001 | BRCA_7574 | ||
| 005 | 20190320205909.0 | ||
| 008 | 140613s1958----gw-a###f##---#000-0#ger-# | ||
| 041 | _ager | ||
| 044 | _agw | ||
| 050 | 4 |
_aNK4215 _b.G73 1958 |
|
| 100 | 1 |
_aGraese, J. G. Th. _918684 |
|
| 245 | 1 | 0 |
_aFührer für Sammler von Porzellan und Fayence _bsteinzeug, steingut usw _cJ. G. Th. Graesse & E. Jaennicke ; vollstandig umgearbeitet, vermehrt und mit Wissenschaftlichen belegen, erlauterungen uns registern ausgestattet von E. Zimmermann. |
| 260 |
_aBrunswick _bKlinkhardt & Biermann _c1958 |
||
| 300 |
_a417 p. _bil. _c25 cm. |
||
| 500 | _aVer también A117 (ed. 1915) | ||
| 500 | _aS64 | ||
| 650 | 1 | 4 |
_aMarcas de cerámica _97225 |
| 650 | 1 | 4 |
_aCerámica _xColeccionistas y colecciones _97526 |
| 700 | 1 |
_aJaennicke, E. _d1866-1940 _ecoaut. _918685 |
|
| 700 | 1 |
_aZimmermann, Ernst _d1866-1940 _eed. _97233 |
|
| 902 | _aGFM | ||
| 942 |
_2lcc _cB |
||
| 999 |
_c7248 _d7248 |
||